Представление документа в формате RUSMARC

ПолеНазваниеЗначение
  Тип записи a
  Библиографический уровень m
001 Контрольный номер RU/SLIB/B/208713886
005 Дата корректировки 20201206203921.2
010 Индекс ISBN __
d Цена 1-80
101 Язык документа __
a Язык текста rus
200 Заглавие и сведения об ответственности 0_
a Заглавие Горизонты земли и труд писателя
b Общее обозначение материала Текст
210 Выходные данные __
a Место издания М.
c Издательство Совет. писатель
d Дата издания 1978
215 Физическое описание __
a Объем 576 с.
600 Персоналии __
a Персоналии (Фамилия) Толстой, Л. Н.
600 Персоналии __
a Персоналии (Фамилия) Федин, К. А.
600 Персоналии __
a Персоналии (Фамилия) Шолохов, М. А.
600 Персоналии __
a Персоналии (Фамилия) Некрасов, Н. А.
606 Тематические рубрики __
a Основная рубрика Литературоведение
y Географическая подрубрика СССР; Россия; Сибирь
606 Тематические рубрики __
a Основная рубрика Русская литература в целом
606 Тематические рубрики __
a Основная рубрика Художественная литература
606 Тематические рубрики __
a Основная рубрика Русская литература в целом (произведения)
610 Ключевые слова __
a Ключевые слова прозаики; писатели; советская литература; творчество; критика; литературная деятельность; литературное творчество; литературная критика
686 Индексы других классификаций __
a Классификационный индекс 83.3(2Рос=Рус)
686 Индексы других классификаций __
a Классификационный индекс 84(2Рос=Рус)6-4
700 Автор _1
a Фамилия Марков
b Имя Г. М.
4 Код отношения 070
801 Источник записи _0
a Страна RU
b Организация Муниципальное бюджетное учреждение культуры "Централизованная библиотечная система" г. Сургут (Центральная городская библиотека им. А. С. Пушкина)
g Правила каталогизации К/Пронина
801 Источник записи _1
a Страна RU
b Организация Муниципальное бюджетное учреждение культуры "Централизованная библиотечная система" г. Сургут (Центральная городская библиотека им. А. С. Пушкина)
g Правила каталогизации К/Пронина
852 Данные о местонахождении __
j Шифр хранения 83.3(2Рос=Рус)
c Каталожный индекс 83.3(2Рос=Рус); 84(2Рос=Рус)6-4
i Авторский знак М 26
p Инвентарный номер 3679
901 Тип документа __
t Тип документа m
990 Данные о заказе (DOS) 00
j Количество экземпляров (DOS) 1